|
|
|
|
| LEADER |
00000nam0a2200000 4500 |
| 001 |
293964 |
| 005 |
20231102000638.0 |
| 020 |
|
|
|a RU
|b 83-85904
|
| 035 |
|
|
|a (RuTPU)RU\TPU\book\319014
|
| 090 |
|
|
|a 293964
|
| 100 |
|
|
|a 20150507d1983 km y0rusy5003 ca
|
| 101 |
0 |
|
|a rus
|
| 102 |
|
|
|a RU
|
| 105 |
|
|
|a a z 001zy
|
| 200 |
1 |
|
|a Охрана охотничьих животных в СССР
|f Н. М. Жаворонков, Е. Я. Зуев
|
| 205 |
|
|
|a 2-е изд., перераб.
|
| 210 |
|
|
|a Москва
|c Лесная промышленность
|d 1983
|
| 215 |
|
|
|a 168 с.
|c ил.
|
| 320 |
|
|
|a Библиогр.: с. 167-168
|
| 606 |
1 |
|
|a Заповедники
|x Экология
|2 stltpush
|3 (RuTPU)RU\TPU\subj\38883
|9 59132
|
| 610 |
1 |
|
|a охрана окружающей среды
|
| 610 |
1 |
|
|a охота
|
| 610 |
1 |
|
|a охотничье-промысловые животные
|
| 610 |
1 |
|
|a СССР
|
| 610 |
1 |
|
|a рациональное использование
|
| 610 |
1 |
|
|a законодательная база
|
| 610 |
1 |
|
|a фауна
|
| 610 |
1 |
|
|a методы
|
| 610 |
1 |
|
|a средства
|
| 675 |
|
|
|a 502.4
|v 3
|
| 700 |
|
1 |
|a Жаворонков
|b Н. М.
|g Николай Михайлович
|
| 701 |
|
1 |
|a Зуев
|b Е. Я.
|g Евгений Яковлевич
|
| 801 |
|
0 |
|a RU
|b RuMRKP
|c 19950704
|g psbo
|
| 801 |
|
1 |
|a RU
|b 63413507
|c 20150507
|
| 801 |
|
2 |
|a RU
|b 63413507
|c 20180503
|g RCR
|
| 942 |
|
|
|c BK
|